00825nam a2200229 i 4500001000700000003000900007005001700016007000300033008004100036080002300077080002300100100003200123245012300155260002900278300002200307500002900329651003700358651003700395852002200432999001900454952012200473105481ES-MaACL20230906183911.0t|060719s1964 fr ||||1| fre d a327(510:47+57)"19" a327(47+57:510)"19"1 aFejtö, François.94913910aChine - URSS la fin d'une hégémonie b: les origines du grand schisme communiste 1950-1957 / cFrançois Fejtö. aParis : bPlon, c[1964] a360 p. ; c22 cm. aBiblioteca Juan Andrade. 4aChina-xRelaciones-yURSS.98061 4aURSS-xRelaciones-zChina.99485 aES-MaACLjAND-296 c105481d105481 00104070aATENEOMbATENEOMcDEPO2d2008-01-17eSCl0oAND-296p1110128r2023-02-23 00:00:00w2023-02-23yMONOGRAFIA